Omofobia a scuola : una classe fa ricerca /

Saved in:
Bibliografiske detaljer
Hovedforfatter: Cambi, Franco, (1940- ) (Author)
Format: Bog
Sprog:italiensk
Udgivet: Pisa : ETS, 2015
Serier:Le Civette ; 2
Fag:
Tags: Tilføj Tag
Ingen Tags, Vær først til at tagge denne postø!

MARC

LEADER 00000nam a22000007i 4500
001 IT\ICCU\UBO\4161857
003 ItRI
005 20260115232107.0
008 151128s2015 it |||||| ||||| |||||c
020 |a 9788846741738 
040 |b ita  |c importazione bologna sebina 
041 7 |a ita  |2 ISO-639-2 
082 |a 306.766  |9 OMOSESSUALITA  |2 21 
100 1 |a Cambi, Franco,  |d  (1940- )  |0 IT\ICCU\CFIV\019427  |4 aut 
245 1 0 |a Omofobia a scuola :  |b una classe fa ricerca /  |c Franco Cambi. 
260 |a Pisa :  |b ETS,  |c 2015 
300 |a 87 p. :  |b ill. ;  |c 21 cm. 
650 7 |a Bullismo  |x Libri per ragazzi 
650 7 |a Omofobia  |x Libri per ragazzi  |2 nsbncf 
830 3 |a Le Civette ;  |v 2  |0 IT\ICCU\MOD\1617035 
942 |2 ddc  |c BK  |n 0 
952 |0 0  |1 0  |4 0  |6 DOC_371_580000000000000_CAM  |7 0  |9 19954  |a BO  |b BO  |d 2026-01-15  |i 18274  |l 0  |o DOC 371.58 CAM  |p BO18274  |r 2026-01-15 23:21:07  |w 2026-01-15  |x [Sebina 5] [1 v.]  |y BK  |z 1 v. 
999 |c 17011  |d 17011